Plus Grandes Villes de France par Lettre - O - Statistiques

Statistiques générales
  • Ce quiz a été pris 257 fois
  • Le résultat moyen est 4 sur 12
Réponses sur la Carte
Les réponses sont colorées sur une échelle allant du rouge au vert en fonction du pourcentage des utilisateurs qui les ont devinées à leur premier essai. Vous pouvez retrouver ces pourcentages ci-dessous.
 
Statistiques - réponses
Population Ville % Correct
116 617 Orléans
97%
28 949 Orange
72%
24 482 Orly
56%
22 277 Oyonnax
51%
27 872 Orvault
29%
37 628 Oullins-Pierre-Bénite
27%
22 855 Olivet
25%
14 011 Ollioules
16%
16 007 Orsay
10%
17 277 Osny
10%
20 692 Ozoir-la-Ferrière
10%
16 709 Orée d'Anjou
7%
Aucun quiz correspondant
Distribution des résultats
% des personnes avec chaque résultat
Percentile par nombre de réponses
Votre historique - résultats
Vous n’avez pas pris ce quiz